000 00697nam a2200241Ia 4500
003 OSt
005 20220923214740.0
006 a|||||r|||| 00| 0
007 ta
008 220922b |||||||| |||| 00| 0 hin d
024 _a172,317
037 _cTextual
040 _aARTS
_cARTS
_bhin
041 _2hin
_ahin
082 _aO152,3N36,CI, K8
100 _aगिरिराज किशोर
_9156369
245 0 _aचिड़ियाघर
246 _aChiड़iyāghara
260 _c1968
650 _aहिन्दी साहित्य
_9156264
942 _hO152,3N36,CI, K8
_cTEXL
_2CC
999 _c326381
_d326381